000 00629nam a22002297a 4500
001 86810
003 UA-OsUOA
005 20211105214025.0
007 ta
008 20120911b un ||||| |||| 00| 0 ukr d
040 _aUA-OsUOA
_brus
_cUA-OsUOA
_dUA-OsUOA
041 _arus
080 _a94(47+57)
090 _a94(47+57)
_bА30
100 _aАдибеков Г. М.
245 _aПрофинтерн: политика комунистов в профсоюзном движении
260 _aМ.
_bПрофиздат
_c1981
300 _a240 с.
650 7 _a94 Історія
_2UDC
942 _cBK
_2udc
955 _a4
999 _c372920
_d372920